00462 2200181 4500001002100000005001500021035002000036245005900056100001800115300002600133260003300159082001000192084001600202600001100218990001700229990001700246990001700263INLIS00000000000112020250813101239 a0010-08250000311 aPidato Bahasa Arab, Inggris, Indonesia /cAbdul Rohman0 aRohman, Abdul a192 hlm ;c13 X 19 cm bPustaka Agung Harapan,c2009 a808.5 a808.5 ROH p 4aPidato a3755/PP/2025 a3756/PP/2025 a3757/PP/2025